|
|
|
|
| LEADER |
00000nam2a2200000 4500 |
| 001 |
379414 |
| 005 |
20240620150030.0 |
| 010 |
|
|
|a 978-5-396-00574-7
|
| 035 |
|
|
|a (RuTPU)RU\TPU\retro\36881
|
| 035 |
|
|
|a RU\TPU\book\379723
|
| 090 |
|
|
|a 379414
|
| 100 |
|
|
|a 20231003d2014 km|y0rusy50 ca
|
| 101 |
0 |
|
|a rus
|
| 102 |
|
|
|a RU
|
| 105 |
|
|
|a a z 001yy
|
| 181 |
|
0 |
|a i
|b e
|
| 182 |
|
0 |
|a n
|
| 183 |
|
0 |
|a nc
|2 RDAcarrier
|
| 200 |
0 |
|
|a Кн. 1 : Об истории Атомного проекта СССР
|
| 203 |
|
|
|a Текст
|b визуальный
|c непосредственный
|
| 210 |
|
|
|d 2014
|
| 215 |
|
|
|a 345 с.
|c ил.
|
| 283 |
|
|
|a volume
|2 RDAcarrier
|
| 320 |
|
|
|a Список литературных источников: с. 327-333
|
| 320 |
|
|
|a Имен. указ.: с. 337-345
|
| 330 |
|
|
|a Вниманию читателя предлагается труд по истории Атомного проекта СССР, который охватывает путь, пройденный ядерной физикой от открытия радиоактивности Беккерелем до создания современных образцов двухкамерной водородной бомбы, а также тот участок пути, который называют постсоветским, когда многое из созданного ранее было разрушено. В настоящей книге, представляющей собой первую часть труда, освещены открытие и первые исследования радиоактивности в конце XIX - начале XX вв., рассматривается деятельность советской разведки, описывается основание Лаборатории № 2 во главе с И. В. Курчатовым и создание в ней первого в Евразии уран-графитового исследовательского реактора, строительство Семипалатинского полигона и подготовка его к первому испытанию. Описаны первые испытания советских атомных бомб РДС-1, РДС-2 и РДС-3, создание первой в мире водородной авиабомбы ("слойка" А. Д. Сахарова), разработка принципиально новой двухкамерной водородной бомбы неограниченной мощности, создание и испытание современных типов мегатонных термоядерных бомб РДС-37 и РДС-49, поставленных на вооружение армии. Кратко охарактеризованы американский (Манхэттенский) проект, атомные проекты Германии и Японии (начало 1940-х гг.), атомный проект Китая (1955-1962). Данная книга предназначена не только специалистам в области истории ядерной физики, но и широкому кругу читателей.
|
| 461 |
|
1 |
|0 669701
|9 669701
|a Горобец, Б. С.
|c Москва
|d 2014
|n URSS | Красанд
|o в 2 кн.
|t Ядерный реванш Советского Союза
|v Кн. 1 : Об истории Атомного проекта СССР
|
| 600 |
|
1 |
|a Кюри
|b П.
|c французский физик
|c член Парижской АН
|f 1859-1906
|g Пьер
|2 stltpush
|3 (RuTPU)RU\TPU\pers\12088
|9 3158
|
| 600 |
|
1 |
|a Склодовская-Кюри
|b М.
|c французский физик
|c химик
|c Нобелевский лауреат
|f 1876-1934
|g Мария
|2 stltpush
|3 (RuTPU)RU\TPU\pers\1471
|9 643
|
| 600 |
|
1 |
|a Беккерель
|b А. А.
|c французский физик
|f 1852-1908
|g Анри Антуан
|2 stltpush
|3 (RuTPU)RU\TPU\pers\15590
|9 5401
|
| 600 |
|
1 |
|a Курчатов
|b И. В.
|c российский физик
|c академик АН СССР
|f 1902/1903-1960
|g Игорь Васильевич
|2 stltpush
|3 (RuTPU)RU\TPU\pers\1083
|9 489
|
| 600 |
|
1 |
|a Сахаров
|b А. Д.
|c российский физик-теоретик
|c общественный деятель
|c академик АН СССР
|f 1921-1989
|g Андрей Дмитриевич
|2 stltpush
|3 (RuTPU)RU\TPU\pers\1087
|9 492
|
| 600 |
|
1 |
|a Квасников
|b Л. Р.
|c разведчик, начальник отделения научно-технической разведки
|c Герой Российской Федерации, один из инициаторов начала работы внешней разведки по атомной тематике
|f 1905-1993
|g Леонид Романович
|2 stltpush
|3 (RuTPU)RU\TPU\pers\47289
|9 22869
|
| 606 |
1 |
|
|a Атомные проекты в СССР
|2 stltpush
|3 (RuTPU)RU\TPU\subj\73135
|9 86327
|
| 610 |
1 |
|
|a атомная физика
|
| 610 |
1 |
|
|a СССР
|
| 610 |
1 |
|
|a 20 век
|
| 610 |
1 |
|
|a ученые
|
| 610 |
1 |
|
|a ядерная физика
|
| 610 |
1 |
|
|a атомная физика
|
| 610 |
1 |
|
|a радиоактивность
|
| 610 |
1 |
|
|a ядерная бомба
|
| 610 |
1 |
|
|a уран
|
| 610 |
1 |
|
|a металлический уран
|
| 610 |
1 |
|
|a получение
|
| 610 |
1 |
|
|a уран-графитовые реакторы
|
| 610 |
1 |
|
|a плутоний
|
| 610 |
1 |
|
|a уран-тяжеловодные реакторы
|
| 610 |
1 |
|
|a металлический плутоний
|
| 610 |
1 |
|
|a военные цели
|
| 610 |
1 |
|
|a Германия
|
| 610 |
1 |
|
|a Япония
|
| 610 |
1 |
|
|a зарубежные проекты
|
| 610 |
1 |
|
|a испытательные полигоны
|
| 610 |
1 |
|
|a Китай
|
| 610 |
1 |
|
|a взрывы
|
| 610 |
1 |
|
|a атомное оружие
|
| 610 |
1 |
|
|a водородная бомба
|
| 610 |
1 |
|
|a радиационная безопасность
|
| 610 |
1 |
|
|a лучевая болезнь
|
| 610 |
1 |
|
|a Семипалатинский полигон
|
| 675 |
|
|
|a 539.18(09)
|v 4
|
| 801 |
|
1 |
|a RU
|b 63413507
|c 20220622
|
| 801 |
|
2 |
|a RU
|b 63413507
|c 20231003
|g RCR
|
| 942 |
|
|
|c BK
|